| 000 | 00686nam a22002057a 4500 | ||
|---|---|---|---|
| 999 |
_c12201 _d12201 |
||
| 003 | AR-CdUCM | ||
| 008 | 190408b ||||| |||| 00| 0 spa d | ||
| 040 |
_aMUNICIPALIDAD PROVINCIAL DEL CUSCO _cBIBLIOTECA MUNICIPAL DEL CUSCO |
||
| 082 |
_aC / 869.55 / _bZ88 |
||
| 100 |
_aZora Carvajal, F _929931 |
||
| 245 |
_aVigil : _bbiografía y compendio de sus obras / |
||
| 260 |
_aCuzco : _bH. G. Rozas Sucs, _c1937. |
||
| 300 |
_a151 páginas ; _c21 cm. |
||
| 505 | _aLa casa -- Infancia -- El clerigo -- El politico -- YO debo acusar, yo acuso... | ||
| 650 |
_aBiografia. _9437 |
||
| 650 |
_aObras. _96865 |
||
| 650 |
_aVigil. _929932 |
||
| 942 |
_2ddc _cLIBROS |
||
| 945 |
_awfj _d2019-04-08 |
||